La guerre froide / (Record no. 33890)

MARC details
000 -LEADER
campo de control de longitud fija 01186cam a2200397Ma 4500
001 - NÚMERO DE CONTROL
campo de control 74477
005 - FECHA Y HORA DE LA ÚLTIMA TRANSACCIÓN
campo de control 20230410105310.0
008 - DATOS DE LONGITUD FIJA--INFORMACIÓN GENERAL
campo de control de longitud fija 030225s2002 fr b b 000 0 fre d
035 ## - NÚMERO DE CONTROL DEL SISTEMA
Número de control de sistema (OCoLC)ocn301690228
040 ## - FUENTE DE CATALOGACIÓN
Centro catalogador/agencia de origen RUQBL
Lengua de catalogación fre
Centro/agencia transcriptor RUQBL
Centro/agencia modificador OCLCQ
-- FRBML
-- BDF
020 ## - NÚMERO INTERNACIONAL ESTÁNDAR DEL LIBRO
Número Internacional Estándar del Libro 2707135089
020 ## - NÚMERO INTERNACIONAL ESTÁNDAR DEL LIBRO
Número Internacional Estándar del Libro 9782707135087
029 1# - OTRO NÚMERO DE CONTROL DE SISTEMA (OCLC)
Identificador de la biblioteca OCLC ZWZ
Número de control de sistema 068731825
035 ## - NÚMERO DE CONTROL DEL SISTEMA
Número de control de sistema (OCoLC)301690228
082 14 - NÚMERO DE LA CLASIFICACIÓN DECIMAL DEWEY
Número de clasificación 909.82
Número de edición 21
050 14 - SIGNATURA TOPOGRÁFICA DE LA BIBLIOTECA DEL CONGRESO
Número de clasificación H 61
Número de ítem R425
100 1# - ENTRADA PRINCIPAL--NOMBRE DE PERSONA
Nombre de persona Jeannesson, Stanislas.
245 13 - MENCIÓN DEL TÍTULO
Título La guerre froide /
Mención de responsabilidad, etc. Stanislas Jeannesson.
260 ## - PUBLICACIÓN, DISTRIBUCIÓN, ETC.
Lugar de publicación, distribución, etc. Paris :
Nombre del editor, distribuidor, etc. La Découverte,
Fecha de publicación, distribución, etc. 2002.
300 ## - DESCRIPCIÓN FÍSICA
Extensión 122 p.
490 1# - MENCIÓN DE SERIE
Mención de serie Collection Reperes;
Designación de volumen o secuencia n. 351
504 ## - NOTA DE BIBLIOGRAFÍA, ETC.
Nota de bibliografía, etc. Bibliogr.: p. 117-[120].
650 #6 - PUNTO DE ACCESO ADICIONAL DE MATERIA--TÉRMINO DE MATERIA
Término de materia o nombre geográfico como elemento de entrada Guerre froide.
650 #6 - PUNTO DE ACCESO ADICIONAL DE MATERIA--TÉRMINO DE MATERIA
Término de materia o nombre geográfico como elemento de entrada Détente (Politique)
650 #6 - PUNTO DE ACCESO ADICIONAL DE MATERIA--TÉRMINO DE MATERIA
Término de materia o nombre geográfico como elemento de entrada Politique mondiale
Subdivisión cronológica 1945-1989.
653 ## - TÉRMINO DE INDIZACIÓN--NO CONTROLADO
Término no controlado Communiste
-- Detente
-- Est
-- Etats-Unis
-- Froid
-- Guerre
-- International
-- Occident
-- Pays
-- Politique
653 ## - TÉRMINO DE INDIZACIÓN--NO CONTROLADO
Término no controlado Relation
-- Urss
650 #4 - PUNTO DE ACCESO ADICIONAL DE MATERIA--TÉRMINO DE MATERIA
Término de materia o nombre geográfico como elemento de entrada Guerre froide.
650 #4 - PUNTO DE ACCESO ADICIONAL DE MATERIA--TÉRMINO DE MATERIA
Término de materia o nombre geográfico como elemento de entrada Politique mondiale
Subdivisión cronológica 1945-1990.
650 #7 - PUNTO DE ACCESO ADICIONAL DE MATERIA--TÉRMINO DE MATERIA
Término de materia o nombre geográfico como elemento de entrada Guerre froide.
Fuente del encabezamiento o término ram
730 0# - ASIENTO SECUNDARIO--TITULO UNIFORME
Título uniforme Collection Reperes
830 #0 - PUNTO DE ACCESO ADICIONAL DE SERIE-TÍTULO UNIFORME
Título uniforme Reperes / Histoire
942 ## - ELEMENTOS DE ENTRADA SECUNDARIOS (KOHA)
Fuente del sistema de clasificación o colocación Clasificación de Library of Congress
Tipo de ítem Koha
946 ## - PROCESAMIENTO DE INFORMACIÓN LOCAL (OCLC)
a mjcruz
994 ## -
-- C0
-- DRFGD
Holdings
Estatus retirado Estado de pérdida Fuente del sistema de clasificación o colocación Estado de daño No para préstamo Colección Biblioteca de origen Biblioteca actual Ubicación en estantería Fecha de adquisición Serial enumeration / chronology Signatura topográfica completa Código de barras Visto por última vez Copia número Tipo de ítem Koha
    Clasificación de Library of Congress     Ciencias Sociales Biblioteca Juan Bosch Biblioteca Juan Bosch Ciencias Sociales (3er. Piso) 10/04/2023 1 H 61 R425 00000066446 24/10/2018 1